000 00317nam a2200133Ia 4500
008 200103s9999||||xx |||||||||||||| ||und||
040 _aIMU-MPC
082 _aColumn-9
100 _aGupta, S.L. and Kumar, V.
245 0 _aHandbook of Electronics
260 _bPragati Prakashan
_c1983
300 _a1428
942 _cBK
999 _c4291
_d4291